Nusikalteliai ir sekliai

Podrobná bibliografia
Hlavný autor: Lane, Brian (Autor)
Ďalší autori: Crawford, Andy (Fotograf), Povilaitis, Benediktas (Prekladateľ), Balčiené, Brone (Prekladateľ)
Médium: Kniha
Jazyk:litovčina
PhysicalDescription:60 s. 29 cm
Vydavateľské údaje: Vilnius Alma littera 1999
ISBN:998602658X
Edícia:Žvilgsnis i pasauli
Predmet:

MARC

LEADER 00000nam a2200000 a 4500
001 vtls001376340
003 SK-MaSNL
005 20260301071033.0
008 251113s1999 LT a r lit
020 |a 998602658X  |c b.c. 
035 |a SNK000330263 
035 |a urn:nbn:sk:snk-amtka5 
035 |a urn:nbn:sk:snk-am00c7l0 
035 |a A0F37E68-7A4C-4720-91BC-4B9077772E38 
040 |a SNK  |b slo  |c SNK  |e AACR2 
041 0 |a lit 
044 |a LT 
080 |a 351.74(091)(084.12)  |2 1981 
100 1 |a Lane, Brian  |4 aut  |9 342820 
245 1 0 |a Nusikalteliai ir sekliai  |c teksto autorius Brian Lane ; nuotrauku autorius Andy Crawford ; [iš anglu kalbos verte Benediktas Povilaitis, Brone Balčiene] 
260 |a Vilnius  |b Alma littera  |c 1999  |e [Martin  |f Neografia] 
300 |a 60 s.  |c 29 cm 
490 1 |a Žvilgsnis i pasauli 
650 0 7 |a polícia  |x činnosť  |x dejiny  |x knihy detské ilustrované  |2 SNK  |9 342821 
700 1 |a Crawford, Andy  |4 pht  |9 43217 
700 1 |a Povilaitis, Benediktas  |4 trl  |9 388185 
700 1 |a Balčiené, Brone  |4 trl  |9 388186 
830 0 |a Žvilgsnis i pasauli  |9 287760 
919 |a 9986-02-658-X 
999 |c 636413  |d 638343 
952 |t P60, <03>, [BOOK], {603}  |a SNK  |b SNK  |y PREZ  |7 0  |p 17A0216416  |o snkSB 61056  |i snkKSP 10897/99  |0 0  |1 0  |4 0  |d 1999-11-08  |f 1  |l 0  |r 2025-04-11 00:00:00  |w 2026-02-23